Türkiyenin kalkınması. (Record no. 46123)

MARC details
000 -LEADER
fixed length control field 00563cam a22002171 4500
001 - CONTROL NUMBER
control field ne 63001515
003 - CONTROL NUMBER IDENTIFIER
control field DLC
005 - DATE AND TIME OF LATEST TRANSACTION
control field 20260227111748.0
008 - FIXED-LENGTH DATA ELEMENTS--GENERAL INFORMATION
fixed length control field 880827s1962 tu 000 0 tur
010 ## - LIBRARY OF CONGRESS CONTROL NUMBER
LC control number ne 63001515
035 ## - SYSTEM CONTROL NUMBER
System control number (OCoLC)23560962
040 ## - CATALOGING SOURCE
Original cataloging agency DLC
Transcribing agency MiU
Modifying agency DLC
042 ## - AUTHENTICATION CODE
Authentication code premarc
043 ## - GEOGRAPHIC AREA CODE
Geographic area code a-tu---
050 00 - LIBRARY OF CONGRESS CALL NUMBER
Classification number HD7044
Item number .S2
100 1# - MAIN ENTRY--PERSONAL NAME
Personal name Saylan, Nazım Dündar.
245 00 - TITLE STATEMENT
Title Türkiyenin kalkınması.
260 ## - PUBLICATION, DISTRIBUTION, ETC.
Place of publication, distribution, etc. Ankara,
Name of publisher, distributor, etc. Gürsoy Basımevı,
Date of publication, distribution, etc. 1962.
300 ## - PHYSICAL DESCRIPTION
Extent 164 p.
Dimensions 20 cm.
650 #0 - SUBJECT ADDED ENTRY--TOPICAL TERM
Topical term or geographic name entry element Cost and standard of living
Geographic subdivision Turkey.

No items available.

Powered by Koha